Sports Quiz

Random Sports or Football Quiz

Largest Cities Without a Pro Football Team by Decade Quiz Stats

 Plays Quiz not verified by Sporcle

Challenge
Share
Tweet
Embed
Score 0/12 Timer 06:00
0 Plays Today
Year Urban Area % Correct
1940Los Angeles
98.8%
2000Los Angeles
98.8%
2010Los Angeles
98.8%
1900New York
95.2%
1910New York
95.2%
1920New York
95.2%
1950Boston
75%
1990Saint Louis
73.8%
1930Detroit
70.2%
1980Phoenix
64.3%
1960Minneapolis–Saint Paul
57.1%
1970Milwaukee
42.9%

You're not logged in!

Compare scores with friends on all Sporcle quizzes.
Join for Free
OR
Log In

You Might Also Like...

Show Comments

Extras

Top Quizzes Today


Score Distribution

Your Account Isn't Verified!

In order to create a playlist on Sporcle, you need to verify the email address you used during registration. Go to your Sporcle Settings to finish the process.

Report this User

Report this user for behavior that violates our Community Guidelines.

Details: